[Event "FRA-ch op-D"]
[Site "Pau"]
[Date "2008.08.17"]
[Round "6"]
[White "Bonnave, Olivier"]
[Black "Nord, Clara"]
[Result "1-0"]
[WhiteElo "1499"]
[BlackElo "1380"]
[PlyCount "97"]
[EventDate "2008.08.11"]
[EventType "swiss"]
[EventRounds "9"]
[EventCountry "FRA"]
[SourceTitle "CBM 126 Extra"]
[Source "ChessBase"]
[SourceDate "2008.11.05"]
[SourceVersion "1"]
[SourceVersionDate "2008.11.05"]
[SourceQuality "1"]

1. e4 e5 2. Nf3 d6 3. Nc3 Nf6 4. d4 exd4 5. Nxd4 Be7 6. Be3 0-0 7. Bc4 Nbd7 8. f3 Ne5 9. Bb3 Bd7 10. Qd2 c5 11. Nde2 Qe8 12. a3 a6 13. 0-0-0 Bb5 14. Nf4 Nc4 15. Bxc4 Bxc4 16. b3 Bb5 17. Nfd5 Bd8 18. Bf4 Nxd5 19. Nxd5 Be7 20. Nc7 Qc6 21. Nxa8 Rxa8 22. Qd5 Qd7 23. Bxd6 Be2 24. Rd2 Bb5 25. Bxe7 Qxe7 26. Rhd1 h6 27. c4 Bc6 28. Qf5 g6 29. Qf4 Kh7 30. h4 Qf8 31. Qf6 Kg8 32. Rd8 Rxd8 33. Rxd8 Be8 34. Qe5 Qg7 35. Rxe8+ Kh7 36. Qxg7+ Kxg7 37. Rb8 Kf6 38. Rxb7 h5 39. Rc7 g5 40. hxg5+ Kxg5 41. Rxc5+ Kg6 42. Rf5 a5 43. c5 h4 44. c6 f6 45. c7 a4 46. c8Q axb3 47. Qg8+ Kh6 48. Rxf6+ Kh5 49. Qg4# 1-0

[Event "FRA-ch op-D"]
[Site "Pau"]
[Date "2008.08.15"]
[Round "4"]
[White "Nord, Clara"]
[Black "Scherno, Catherine"]
[Result "1-0"]
[WhiteElo "1380"]
[BlackElo "1490"]
[PlyCount "35"]
[EventDate "2008.08.11"]
[EventType "swiss"]
[EventRounds "9"]
[EventCountry "FRA"]
[SourceTitle "CBM 126 Extra"]
[Source "ChessBase"]
[SourceDate "2008.11.05"]
[SourceVersion "1"]
[SourceVersionDate "2008.11.05"]
[SourceQuality "1"]

1. e4 d5 2. Nc3 dxe4 3. Nxe4 e5 4. Nf3 f5 5. Nc3 Bd6 6. Bc4 Nc6 7. d3 Bd7 8. Ng5 Nd4 9. Nf7 Qe7 10. Nxh8 Ne6 11. Nd5 Qf8 12. Qh5+ g6 13. Qxh7 0-0-0 14. Qxg6 c6 15. Ne3 Nf4 16. Qf7 Qxf7 17. Nxf7 Bc7 18. Nxd8 1-0

[Event "FRA-ch U10 Girls"]
[Site "Le Grand Bornand"]
[Date "2007.04.??"]
[Round "6"]
[White "Lucas, Mauranne"]
[Black "Nord, Clara"]
[Result "0-1"]
[WhiteElo "1590"]
[BlackElo "1200"]
[PlyCount "36"]
[EventDate "2007.04.07"]
[EventType "swiss"]
[EventRounds "9"]
[EventCountry "FRA"]
[SourceTitle "CBM 118 Extra"]
[Source "ChessBase"]
[SourceDate "2007.07.04"]
[SourceVersion "1"]
[SourceVersionDate "2007.07.04"]
[SourceQuality "1"]

1. d4 d5 2. Nf3 Nc6 3. e3 Nf6 4. c3 Bg4 5. Bd3 e5 6. h3 Bxf3 7. gxf3 Bd6 8. e4 0-0 9. Be3 Qe7 10. Qe2 Qe6 11. Qf1 Rad8 12. Qg2 Rfe8 13. Rg1 g6 14. Nd2 Nh5 15. Rh1 Be7 16. Qh2 Bf6 17. f4 exd4 18. cxd4 Nxd4 0-1